| 000 | 00475nam a2200229Ia 4500 | ||
|---|---|---|---|
| 003 | IT-RoPAU | ||
| 008 | 120407s9999 xx 000 0 und d | ||
| 040 | _aIT-RoPAU | ||
| 040 | _cIT-RoPAU | ||
| 041 | _aita | ||
| 100 | _aJean Onimus | ||
| 245 | _aOmbre e luci nella donna, | ||
| 250 | _aMilano | ||
| 260 | _aEdizioni Paoline | ||
| 260 | _c1968 | ||
| 300 | _a254 p. | ||
| 300 | _c18 cm | ||
| 490 | _aLa famiglia | ||
| 490 | _v41 | ||
| 942 | _cBK | ||
| 999 |
_c30518 _d30518 |
||